Únorové události /

Hlavní autor: Marvan, Karel, 1898-1967
Jazyk: Čeština
Vydáno: Praha : Kulturně-propagační oddělení Ú[střed.] R[ady] O[dborů], referát odborářské výchovy, 1948
Edice: Osnovy odborářského školení.
Fyzický popis: 38, [I] s. ; 8°
Knihy
Uloženo v:
LEADER 00771nam a22002292a 4500
001 001377064
003 CZ BrMZK
005 20140327205604.0
007 ta
008 140327s1948 xr er|||||||||||cze d
015 |a cnb000712125 
035 |a (OCoLC)85430596 
040 |a ABA001  |b cze  |c PNA001  |d ABA001 
100 1 |a Marvan, Karel,  |d 1898-1967  |7 jk01080403  |4 aut 
245 1 0 |a Únorové události /  |c Karel Marvan 
260 |a Praha :  |b Kulturně-propagační oddělení Ú[střed.] R[ady] O[dborů], referát odborářské výchovy,  |c 1948 
300 |a 38, [I] s. ;  |c 8° 
490 1 |a Osnovy odborářského školení. Pořadí 1 ;  |v [sv. 1] 
500 |a Tištěno jako rukopis 
830 0 |a Osnovy odborářského školení.  |n Pořadí 1 
910 |a BOA001  |b X-0221.250 
990 |a BK